000 00403nam a2200133Ia 4500
008 230711s9999||||xx |||||||||||||| ||und||
041 _aENG
082 _a624
_bKH-V
100 _aParmar,R.S
245 2 _aA video course on manfacturing process
_bL : 1.- Importence of Knowledge manufactry in Engineering Aspects
260 _c1995
_aNew Delhi
_bIIT ,Delhi
650 _aMechanical Engineering
942 _cBK
999 _c3190
_d3190